عرض عادي
عرض مارك
- Nursing.
مدخل مصطلح موضوعي
001 - رقم الضبط
- حقل الضبط: 52290
003 - معرف رقم الضبط
- حقل الضبط: OSt
005 - تاريخ ووقت أخر عملية
- حقل الضبط: 20151013191936.0
008 - عناصر بيانات ثابتة الطول
- حقل تحكم ثابت الطول: 151013|| aca||aabn | a|a d
040 ## - مصدر الفهرسة
- هيئة الفهرسة الأصلية: OSt
- وكالة الكتابة: OSt
150 ## - مدخل-- مصطلح تاريخي
- عنصر مدخل المصطلح الموضوعي او الاسم الجغرافي: Nursing.
670 ## - بيانات المصدر موجوده
- الاستشهاد بالمصدر: Work cat.: (OSt)0: Human Anatomy and physiology for nurses /, 2010.
